[Event "Berliner Sommer 16th"]
[Site "Berlin"]
[Date "1998.??.??"]
[Round "6"]
[White "Chernikov, Oleg L"]
[Black "Blimke, Dalia"]
[Result "1-0"]
[WhiteElo "2405"]
[BlackElo "2265"]

1.Nf3 Nf6 2.c4 g6 3.Nc3 Bg7 4.e4 d6 5.d4 O-O 6.Be3 e5 7.Be2 Ng4 8.Bg5 f6
9.Bh4 Nc6 10.h3 exd4 11.Nxd4 Nge5 12.Nxc6 bxc6 13.O-O Be6 14.Qa4 g5 15.Bg3 Qe8
16.Bxe5 fxe5 17.Bg4 Bxg4 18.hxg4 Qd7 19.Nd5 Qxg4 20.Qxc6 Rab8 21.Ne3 Qf4
22.b3 Rf7 23.Rae1 g4 24.Nf5 Qd2 25.Qa6 Rbf8 26.c5 g3 27.Re2 gxf2+ 28.Rexf2 Qb4
29.cxd6 cxd6 30.Qxd6 Qxd6 31.Nxd6 Rxf2 32.Rxf2 Rd8 33.Nf5 Rd1+ 34.Kh2 Bf8
35.Kg3 Re1 36.Kf3 Bc5 37.Rc2 Bb6 38.Ne7+ Kg7 39.Nd5 Bd4 40.b4 Kg6 41.a4 Kg5
42.Rc7 h5 43.a5 Kh4 44.Rg7 Ra1 45.Ne7  1-0

[Event "Biel op"]
[Site "Biel"]
[Date "1998.??.??"]
[Round "5"]
[White "Antic, Dejan"]
[Black "Haist, Wolfgang"]
[Result "1-0"]
[WhiteElo "2460"]
[BlackElo "2245"]

1.d4 Nf6 2.Nf3 g6 3.c4 Bg7 4.Nc3 O-O 5.e4 d6 6.Be2 e5 7.O-O exd4 8.Nxd4 Re8
9.f3 c6 10.Kh1 Na6 11.Bg5 h6 12.Bh4 g5 13.Bf2 Nc7 14.Qd2 Nh5 15.Rfe1 Nf4
16.Bf1 Be5 17.Rad1 Qf6 18.Be3 Bd7 19.g3 Nh5 20.Qf2 b6 21.Nde2 Ne6 22.Bg2 Kh7
23.Rf1 Rad8 24.f4 gxf4 25.gxf4 Bxc3 26.Nxc3 Nc5 27.Bf3 Ng7 28.f5 Rg8 29.Bd4 Qg5
30.Rg1 Qf4  1-0

[Event "Biel"]
[Site "Biel"]
[Date "1998.??.??"]
[Round "11"]
[White "Pelletier, Yannick"]
[Black "Mittelman, Gur"]
[Result "1/2-1/2"]
[WhiteElo "2515"]
[BlackElo "2415"]

1.d4 Nf6 2.c4 g6 3.Nc3 Bg7 4.e4 d6 5.Nf3 O-O 6.Be2 e5 7.O-O Na6 8.Bg5 h6
9.Bh4 c6 10.d5 cxd5 11.cxd5 Bd7 12.Nd2 Qe7 13.Rb1 Nc7 14.b4 Rfc8 15.f3 Qf8
16.Bf2 h5 17.a4 Na6 18.Qb3 Bh6 19.Nc4 Qe7 20.Rfd1 Nb8 21.Ra1 Kg7 22.Nb5 Bxb5
23.axb5 Nbd7 24.Ra2 Nb6 25.Nxb6 axb6 26.Rxa8 Rxa8 27.Bxb6 h4 28.Qc3 Nh5 29.Ra1 Bd2
30.Qb2 Rxa1+ 31.Qxa1 Qg5 32.Kf2 Bxb4 33.Be3 Bc5 34.Bxc5 dxc5 35.Qd1 b6 36.Bf1 Qd8
37.d6 Nf6 38.g3 hxg3+ 39.hxg3 Qd7 40.Bc4 Kg8 41.Bd5 Ne8 42.Qa1 Nxd6 43.Qxe5 Nxb5
44.Qf6 Nc7 45.Qxg6+ Kf8 46.Qh6+ Kg8 47.Qg6+ Kf8 48.Qh6+ Kg8  1/2-1/2

[Event "Biel op"]
[Site "Biel"]
[Date "1998.??.??"]
[Round "11"]
[White "Giertz, Niklaus"]
[Black "Haist, Wolfgang"]
[Result "0-1"]
[WhiteElo "2310"]
[BlackElo "2245"]

1.d4 Nf6 2.c4 g6 3.Nc3 Bg7 4.e4 O-O 5.Nf3 d6 6.Be2 e5 7.O-O exd4 8.Nxd4 Re8
9.f3 c6 10.Kh1 Na6 11.Bg5 Nc5 12.b4 Ne6 13.Nxe6 Bxe6 14.Qd2 a5 15.b5 a4 16.Rac1 Qa5
17.Qxd6 Ng4 18.fxg4 Bxc3 19.Qd3 Bg7 20.Rb1 h6 21.Bd2 Qc7 22.Bf4 Be5 23.Bxe5 Qxe5
24.bxc6 bxc6 25.Qc2 a3 26.Rfd1 Reb8 27.Rb3 Rxb3 28.Qxb3 Qxe4 29.Bd3 Qxg4
30.Re1 Qd4 31.Qc2 Rb8 32.Bxg6 Rb2 33.Bxf7+ Bxf7 34.Qf5 Qxc4 35.h3 Qd5 36.Qg4+ Qg5
37.Qc8+ Kh7 38.Qxc6 Rxa2 39.Rf1 Bg8 40.Qd7+ Qg7 41.Qd3+ Kh8  0-1

[Event "SLO-ch U20"]
[Site "Bled"]
[Date "1998.??.??"]
[Round "?"]
[White "Frangez, Simon"]
[Black "Glavac, I."]
[Result "1-0"]
[WhiteElo "2145"]
[BlackElo "1735"]

1.d4 Nf6 2.c4 g6 3.Nc3 Bg7 4.e4 d6 5.Be2 O-O 6.Nf3 e5 7.d5 a5 8.Bg5 h6 9.Bh4 Qe8
10.Nd2 Nh7 11.O-O h5 12.f3 Bh6 13.b3 f5 14.a3 f4 15.Rb1 g5 16.Bf2 Qg6 17.g4 fxg3
18.hxg3 Bh3 19.g4 Bxf1 20.Nxf1 hxg4 21.fxg4 Rf7 22.Ng3 Nf6 23.Nf5 Rh7 24.Bf3 Bf8
25.Qd2 Rd7 26.Kg2 Nh7 27.Be3 Be7 28.Rh1 Bf6 29.Rh5 c5 30.Nb5 Be7 31.Rh6 Qe8
32.Nbxd6 Bxd6 33.Nxd6 Qf8 34.Nf5 Nc6 35.Rg6+ Kf7 36.Rg7+ Qxg7 37.Nxg7 Kxg7
38.Bxc5 Nd8 39.Be3 Ne6 40.Qc3 Nd4 41.Bxd4 exd4 42.Qxd4+ Kf7 43.e5 Nf8 44.Qe4 Re8
45.e6+ Nxe6 46.Qf5+  1-0

[Event "Bled op"]
[Site "Bled"]
[Date "1998.??.??"]
[Round "1"]
[White "Brezovar, Matjaz"]
[Black "Tratar, Marko"]
[Result "0-1"]
[WhiteElo "2195"]
[BlackElo "2420"]

1.c4 g6 2.e4 Bg7 3.d4 d6 4.Nc3 Nf6 5.Nf3 O-O 6.Be2 Na6 7.O-O e5 8.Be3 c6
9.dxe5 dxe5 10.Qxd8 Rxd8 11.Rad1 Re8 12.Ne1 Bf8 13.Nc2 Nc5 14.f3 a5 15.Rfe1 a4
16.Rb1 Nh5 17.b4 axb3 18.axb3 Be6 19.Red1 f5 20.b4 Na4 21.Nxa4 Rxa4 22.exf5 Bxf5
23.Bd3 Ra2 24.Bxf5 gxf5 25.Rd2 e4 26.f4 Bg7 27.Rbd1 Bc3 28.Rf2 Nf6 29.h3 Kg7
30.Bd4 Rd8  0-1

[Event "Bled op"]
[Site "Bled"]
[Date "1998.??.??"]
[Round "5"]
[White "Brezovar, Matjaz"]
[Black "Osterman, Rudolf"]
[Result "1/2-1/2"]
[WhiteElo "2195"]
[BlackElo "2400"]

1.c4 g6 2.e4 Bg7 3.d4 d6 4.Nc3 Nf6 5.Nf3 O-O 6.Be2 e5 7.d5 a5 8.Bg5 h6 9.Bh4 Na6
10.Nd2 Bd7 11.O-O Qe8 12.b3 Nh7 13.f3 h5 14.Bd3 Bh6 15.Re1 Nc5 16.Bc2 f5
17.exf5 gxf5 18.Kh1 Qf7 19.Rb1 Bg7 20.Nf1 Rae8 21.a3 Bf6 22.Bxf6 Nxf6 23.b4 axb4
24.axb4 Na6 25.Ne3  1/2-1/2

[Event "Bled op"]
[Site "Bled"]
[Date "1998.??.??"]
[Round "5"]
[White "Cebalo, Miso"]
[Black "Podkriznik, Gregor"]
[Result "1-0"]
[WhiteElo "2515"]
[BlackElo "2330"]

1.Nf3 Nf6 2.c4 g6 3.Nc3 Bg7 4.e4 d6 5.d4 O-O 6.Be2 e5 7.O-O Na6 8.Be3 c6
9.Re1 exd4 10.Nxd4 Re8 11.f3 Nh5 12.Qd2 Qe7 13.Bf1 Be5 14.Rad1 Nc7 15.f4 Bg7
16.f5 Nf6 17.Nf3 gxf5 18.exf5 Bxf5 19.Bxa7 Ne6 20.Bb6 Nd7 21.Bf2 Ne5 22.Be2 Nxf3+
23.Bxf3 Be5 24.a3 Kh8 25.Ne4 Bxe4 26.Bxe4 Qf6 27.Bb1 Rg8 28.Rf1 Bf4 29.Qc2 Qh6
30.g3 Be5 31.Qf5 Rg7 32.c5 Rg5 33.Qf3 dxc5 34.Rd7 Rf8 35.Rxf7 Rxf7 36.Qxf7 Rg7
37.Qe8+ Rg8 38.Qd7 Bxb2 39.Qxb7 Ng5 40.Qxb2+ Rg7 41.Be3  1-0

[Event "Bled op"]
[Site "Bled"]
[Date "1998.??.??"]
[Round "5"]
[White "Skudnov, Sergej"]
[Black "Braun, Marton"]
[Result "1/2-1/2"]
[WhiteElo "2395"]
[BlackElo "2220"]

1.d4 Nf6 2.c4 g6 3.Nc3 Bg7 4.e4 d6 5.Be2 O-O 6.Nf3 e5 7.O-O exd4 8.Nxd4 Re8
9.f3 Nh5 10.g4 Nf6 11.Be3 Nc6 12.Nxc6 bxc6 13.Qd2 Nd7 14.Rad1 Qe7 15.Bd4 a5
16.Bxg7 Kxg7  1/2-1/2

[Event "Bled op-B"]
[Site "Bled"]
[Date "1998.??.??"]
[Round "6"]
[White "Kavsek, Milan"]
[Black "Mihevc, Narcisa"]
[Result "0-1"]
[WhiteElo "2205"]
[BlackElo "1925"]

1.d4 Nf6 2.c4 g6 3.Nc3 Bg7 4.e4 d6 5.Be2 O-O 6.Nf3 e5 7.d5 a5 8.Bg5 h6 9.Bh4 Na6
10.Nd2 Qe8 11.O-O Nh7 12.f3 f5 13.Rb1 f4 14.a3 h5 15.b4 g5 16.Bf2 Qg6 17.Kh1 g4
18.g3 Nf6 19.gxf4 exf4 20.Rg1 Nh7 21.Rc1 Ng5 22.Bf1 axb4 23.Nb5 bxa3 24.Bd4 gxf3
25.Nxf3 Bg4 26.Be2 Qxe4 27.h3 Nxf3 28.hxg4 Nxd4+ 29.Kh2 Qxe2+  0-1

[Event "Bled op"]
[Site "Bled"]
[Date "1998.??.??"]
[Round "7"]
[White "Soln, Primoz"]
[Black "Kozul, Zdenko"]
[Result "1/2-1/2"]
[WhiteElo "2350"]
[BlackElo "2585"]

1.d4 d6 2.c4 Nd7 3.e4 e5 4.Nf3 g6 5.Nc3 Bg7 6.Be2 Ngf6 7.O-O O-O 8.Qc2 c6
9.Be3 Ng4 10.Bg5 f6 11.Bd2 f5 12.d5 Nc5 13.b4 Nxe4 14.Nxe4 fxe4 15.Ng5 cxd5
16.Bxg4 Bxg4 17.cxd5 Bf5 18.Nxe4 Qb6 19.Qd3 Rac8 20.a3 Bxe4 21.Qxe4 Qd4 22.Qxd4 exd4
23.Rac1 a6 24.Rxc8 Rxc8 25.Rc1 Rxc1+ 26.Bxc1 d3 27.Bd2 Kf7 28.g4 Bb2 29.f4 Bxa3  1/2-1/2

[Event "Bled op"]
[Site "Bled"]
[Date "1998.??.??"]
[Round "8"]
[White "Osterman, Rudolf"]
[Black "Kljako, Damir"]
[Result "1/2-1/2"]
[WhiteElo "2400"]
[BlackElo "2225"]

1.d4 Nf6 2.Nf3 g6 3.c4 Bg7 4.Nc3 d6 5.e4 O-O 6.Be2 Nbd7 7.O-O e5 8.Be3 Ng4
9.Bg5 f6 10.Bd2 Nh6 11.Qc2 c6 12.Rad1 Qc7 13.b4 Nf7 14.a4 Re8 15.Be3 Nf8
16.c5 dxc5 17.dxc5 Bg4 18.Nd2 Bxe2 19.Nxe2 Ne6 20.Nb3 Rad8 21.b5 Rxd1 22.Rxd1 Rd8
23.b6 Qb8 24.Rxd8+ Qxd8 25.bxa7 Qa8 26.Qc4 Nf8 27.Nec1 Qxa7 28.Nd3 Qa8 29.a5 Qc8
30.Nb4 Ne6 31.a6 bxa6 32.Na5 Nfd8 33.Qxa6 Qd7 34.h3 Bf8 35.Qb6 Nd4 36.Bxd4 Qxd4
37.Naxc6 Nxc6 38.Nxc6 Qxc5 39.Qb3+  1/2-1/2

[Event "Bodensee Cup 4th"]
[Site "Bodensee"]
[Date "1998.??.??"]
[Round "1"]
[White "Huss, Andreas"]
[Black "Riedel, Wolfgang"]
[Result "1-0"]
[WhiteElo "2355"]
[BlackElo "2360"]

1.d4 Nf6 2.Nf3 g6 3.c4 Bg7 4.Nc3 d6 5.e4 O-O 6.Be2 e5 7.d5 a5 8.Be3 Ng4 9.Bg5 f6
10.Bh4 Nh6 11.O-O Na6 12.Ne1 Bd7 13.f3 Qe8 14.Nd3 b6 15.a3 a4 16.Nb5 Bxb5
17.cxb5 Nc5 18.Nxc5 bxc5 19.b3 axb3 20.Qxb3 f5 21.Be1 Qe7 22.Bd2 Nf7 23.a4 Bh6
24.Bxh6 Nxh6 25.Qe3 f4 26.Qc3 g5 27.a5 Rfb8 28.Rfb1 Qd8 29.Rb3 Kh8 30.Rab1 Ng8
31.b6 cxb6 32.Rxb6 Nf6 33.R1b5 g4 34.Qb2 Rxb6 35.Rxb6 gxf3 36.gxf3 Nxd5 37.exd5 Qg5+
38.Kf2 Rg8 39.Ke1 Qg1+ 40.Bf1 Qe3+ 41.Qe2 Qc3+ 42.Qd2 Qxf3 43.Qd3  1-0

[Event "Bodensee Cup 4th"]
[Site "Bodensee"]
[Date "1998.??.??"]
[Round "3"]
[White "Moor, Olivier"]
[Black "Mandel, Andreas"]
[Result "0-1"]
[WhiteElo "2225"]
[BlackElo "2295"]

1.d4 Nf6 2.c4 g6 3.Nc3 Bg7 4.e4 d6 5.Be2 O-O 6.Nf3 e5 7.dxe5 dxe5 8.Qxd8 Rxd8
9.Bg5 Nbd7 10.O-O-O Rf8 11.Nd2 c6 12.Be3 Re8 13.f3 Bf8 14.Nb3 Nh5 15.g3 Ng7
16.Rd2 Ne6 17.Na4 Nb6 18.Nc3 c5 19.Nd5 Nxd5 20.cxd5 Nd4 21.Nxd4 cxd4 22.Bg5 Bd7
23.Kb1 Rac8 24.Bd3 Kg7 25.Rf2 f6 26.Bd2 Bd6 27.h4 h5 28.Rg2 Rh8 29.g4 Rcf8
30.Be2 Kf7 31.Kc2 Ba4+ 32.b3 Bd7 33.Kd1 Rfg8 34.Be1 Ke7 35.Rhg1 hxg4 36.fxg4 Be8
37.Rf1 Rf8 38.Bg3 Bd7 39.Rgf2 Bc5 40.Rg2 d3 41.Bf3 Be3 42.Re1  0-1

[Event "Cupa Dinamo"]
[Site "Brasov"]
[Date "1998.??.??"]
[Round "7"]
[White "Vajda, Albert"]
[Black "Svetushkin, Dmitry"]
[Result "0-1"]
[WhiteElo "2400"]
[BlackElo "2415"]

1.d4 g6 2.Nf3 Bg7 3.c4 d6 4.Nc3 Nf6 5.e4 O-O 6.Be2 e5 7.d5 a5 8.h3 Na6 9.Bg5 Qe8
10.g4 Nd7 11.Rg1 Ndc5 12.Qd2 Nb4 13.Be3 b6 14.h4 Kh8 15.h5 gxh5 16.gxh5 Rg8
17.h6 Bf6 18.Rxg8+ Qxg8 19.O-O-O Nxa2+ 20.Kb1 Nxc3+ 21.Qxc3 Nxe4 22.Qc2 Bf5
23.Bd3 Qg4 24.Ng1 Qg2 25.Ne2 a4 26.Ka2 a3 27.bxa3 Qf3 28.Rf1 Bg5 29.Qc1 Nc5
30.Bxf5 Qxe2+ 31.Qd2 Qxf1  0-1

[Event "Cupa Dinamo"]
[Site "Brasov"]
[Date "1998.??.??"]
[Round "13"]
[White "Vajda, Albert"]
[Black "Badea, Bela"]
[Result "0-1"]
[WhiteElo "2400"]
[BlackElo "2545"]

1.d4 g6 2.Nf3 Bg7 3.c4 d6 4.Nc3 Nf6 5.e4 O-O 6.Be2 e5 7.dxe5 dxe5 8.Qxd8 Rxd8
9.Bg5 Nbd7 10.O-O-O Rf8 11.h3 c6 12.Rd6 h6 13.Bxf6 Nxf6 14.Rhd1 Ne8 15.Rd8 Bf6
16.R8d2 Nc7 17.Bd3 Ne6 18.Ne2 Nc5 19.Bc2 a5 20.b3 Be6 21.Nc3 Be7 22.Kb2 f6
23.a3 Rfb8 24.Ra1 Kf8 25.Rdd1 Nd7 26.Nh4 Kf7 27.Nf5 Bc5 28.Nxh6+ Ke7 29.Ne2 Bxf2
30.Ng4 Bb6 31.Kc3 Rh8 32.Rh1 Ra7 33.Nh2 Bc7 34.Nf3 Bd6 35.Nd2 Rha8 36.Rhd1 Nc5
37.Kb2 Nd7 38.Nc3 Nb6 39.Bd3 Rd8 40.Be2 Raa8 41.Rac1 Nd7 42.Nf3 Nc5 43.Ra1 Na6
44.Na4 Bf7 45.Rd2 Nc5 46.Nxc5 Bxc5 47.Rxd8 Rxd8 48.Rd1 Ra8 49.Rf1 Be3 50.Rd1 b6
51.Rd3 Bf2 52.Rd1 Be6 53.Rd2 c5 54.a4 Bd4+ 55.Kc2 Rh8 56.Rd1 Bd7 57.Rf1 Be3
58.Kd3 Bf4 59.Kc2 f5 60.Bd3 Bc6 61.Re1 Kf6 62.Re2 Re8 63.Nd2 Rd8 64.Nf3 Re8
65.Kc3 g5 66.Nd2 Bxd2+ 67.Rxd2 f4 68.Bc2 Ke7 69.Kd3 Rg8 70.Ke2 g4 71.hxg4 Rxg4
72.Kf1 Rg5 73.Rf2 Rg6 74.Rd2 Rg8 75.Rd1 Bd7 76.Rd5 Rg5 77.Rd2 Bg4 78.Kf2 Rg8
79.Rd5 Ke6 80.Rd3 Bh5 81.Rh3 Bg6 82.Bd3 Rd8 83.Ke2 Rd4 84.Rh6 Kf7 85.Bc2 Kg7
86.Rh3 Bxe4 87.Bxe4 Rxe4+ 88.Kf2 Kg6 89.Rh8 Re3  0-1

[Event "Slovan op"]
[Site "Bratislava"]
[Date "1998.??.??"]
[Round "2"]
[White "Ac, Michal"]
[Black "Lehocky, Viktor"]
[Result "1/2-1/2"]
[WhiteElo "2295"]
[BlackElo "2065"]

1.d4 Nf6 2.c4 g6 3.Nc3 Bg7 4.e4 d6 5.Nf3 O-O 6.Be2 e5 7.Be3 Nc6 8.d5 Ne7
9.Nd2 Ne8 10.O-O f5 11.f3 f4 12.Bf2 c5 13.dxc6 bxc6 14.b4 Nc7 15.Rc1 Be6
16.Qb3 Bf7 17.Rfd1 Qb8 18.a4 Qb7 19.b5 c5 20.Ndb1 Rfd8 21.Nd5 Ne6 22.Bd3 Nc6
23.Qa3 Ncd4 24.a5 g5 25.a6 Qd7 26.Nbc3 Nc7 27.Rb1 Nxd5 28.Nxd5 Bxd5 29.exd5 Rdb8
30.Be4 Bf6 31.Qd3 Bd8 32.Bxd4 cxd4 33.Bf5 Qe7 34.g3 fxg3 35.hxg3 Bb6 36.Kg2 h6
37.Rh1 Qf6 38.Rh5 Kg7 39.f4 Rh8 40.Rbh1 exf4 41.gxf4 Rag8 42.fxg5 hxg5 43.Rh7+ Rxh7
44.Rxh7+ Kf8 45.Qe4 Rg7 46.Rh8+ Rg8 47.Rh1 Rg7 48.Be6 Ke7 49.Bc8+ Qe5 50.Qg4 Kf8
51.Rh8+ Rg8 52.Rh6 Qf4  1/2-1/2

[Event "Slovan op"]
[Site "Bratislava"]
[Date "1998.??.??"]
[Round "4"]
[White "Kebis, Milos"]
[Black "Castiglione, Mario"]
[Result "0-1"]
[WhiteElo "2130"]
[BlackElo "2225"]

1.c4 Nf6 2.d4 d6 3.Nf3 Nbd7 4.Nc3 e5 5.e4 g6 6.Be2 Bg7 7.O-O O-O 8.h3 exd4
9.Nxd4 Re8 10.Bf3 Ne5 11.Be2 c6 12.Nf3 Be6 13.Nxe5 dxe5 14.Qc2 Nh5 15.Bxh5 gxh5
16.Ne2 Qh4 17.a4 Rf8 18.Ng3 Kh8 19.Ra3 Rg8 20.Rf3 Bf8 21.Qc3 f6 22.b3 Be7
23.Qe3 Bxh3 24.gxh3 Qxh3 25.Rf5 Rg4 26.Qh6 Rag8 27.Bg5 R4xg5 28.Rxg5 Rxg5
29.Re1 Rxg3+  0-1

[Event "NLD-chT sf"]
[Site "Breda"]
[Date "1998.??.??"]
[Round "?"]
[White "Van Wely, Loek"]
[Black "Riemens, Michael"]
[Result "1-0"]
[WhiteElo "2605"]
[BlackElo "2300"]

1.d4 Nf6 2.c4 g6 3.Nc3 Bg7 4.e4 O-O 5.Nf3 d6 6.Be2 e5 7.O-O c6 8.Qc2 Nbd7
9.d5 c5 10.g3 Ne8 11.Nh4 Bf6 12.Ng2 Be7 13.Bd3 Ng7 14.Bh6 Bg5 15.Bxg5 Qxg5
16.f4 exf4 17.gxf4 Qe7 18.Rae1 a6 19.Qf2 f6 20.Re3 Rf7 21.Qh4 Qf8 22.Rh3 Ne8
23.Rg3 Rg7 24.Ne3 Qe7 25.Ng4 Nf8 26.Nh6+ Kh8 27.Kh1 Bd7 28.Rgf3 b5 29.b3 bxc4
30.bxc4 Rb8 31.Qg3 Rb2 32.e5 f5 33.R3f2 Rxf2 34.Rxf2 Nc7 35.Rb2 Bc8 36.Rb8 Qd8
37.Qg5 Qd7 38.Qf6  1-0

[Event "Bristol op"]
[Site "Bristol"]
[Date "1998.??.??"]
[Round "2"]
[White "Beaumont, Chris"]
[Black "Helbig, Paul"]
[Result "1/2-1/2"]
[WhiteElo "2335"]
[BlackElo "2180"]

1.d4 Nf6 2.Nf3 g6 3.c4 Bg7 4.Nc3 O-O 5.e4 d6 6.Be2 e5 7.O-O exd4 8.Nxd4 Nbd7
9.Be3 Re8 10.f3 c6 11.Bf2 d5 12.exd5 cxd5 13.Ndb5 Nb6 14.c5 Nc4 15.Bxc4 dxc4
16.Nd6 Re7 17.Nxc4 Bf5 18.Nd6 Be6 19.Qa4 Rd7 20.Rad1 Qf8 21.b4 a6 22.a3 Rad8
23.Qc2 h6 24.Na4 Nd5 25.Rfe1 b5 26.Nb2 Nc3 27.Rd3 Nd5 28.Bd4 Rxd6 29.cxd6 Bf5
30.Bxg7 Kxg7 31.Qf2 Bxd3 32.Nxd3 Qxd6 33.Qd4+ Nf6 34.Qxd6 Rxd6 35.Nc5  1/2-1/2

[Event "Bucharest Fest GM (Women)"]
[Site "Bucharest"]
[Date "1998.??.??"]
[Round "?"]
[White "Berechet, Otiliu"]
[Black "Petrenko, Svetlana"]
[Result "1-0"]
[WhiteElo "2220"]
[BlackElo "2245"]

1.c4 Nf6 2.Nc3 g6 3.e4 d6 4.d4 Bg7 5.Be2 O-O 6.Nf3 e5 7.dxe5 dxe5 8.Qxd8 Rxd8
9.Bg5 Re8 10.Nd5 Nxd5 11.cxd5 f5 12.Rc1 c6 13.Bc4 Kh8 14.Bd2 Bf6 15.O-O Kg7
16.dxc6 Nxc6 17.Bd5 Bd7 18.Rfd1 Rac8 19.h3 f4 20.Bc3 g5 21.Bb3 Re7 22.Rxd7 Rxd7
23.Be6 Rcd8 24.Bxd7 Rxd7 25.Kf1 Kf7 26.Ke1 h5 27.Rd1 Re7 28.Rd5 Ke6 29.Nd2 g4
30.Kf1 Rc7 31.Nb3 b6 32.hxg4 hxg4 33.f3 g3 34.Rd2 a5 35.Rd5 Nd4 36.Nd2 Nc2
37.Rb5 Ne3+ 38.Kg1 Rc6 39.Nf1 Nc4 40.Nd2 Nxd2 41.Bxd2 Be7 42.Kf1 Bc5 43.Ke2 Bd4
44.Kd3 Bc5 45.b4 axb4 46.Bxb4 Bd4 47.Bc3 Rd6 48.Bb4 Rd7 49.a4 Be3+ 50.Kc2 Rc7+
51.Bc3 Bd4 52.Rb3 Rc4 53.Kd3 Rxa4 54.Bxd4 Rxd4+ 55.Kc3 Rd6 56.Rb5 Rc6+ 57.Kd3 Kf6
58.Kd2 Re6 59.Kc3 Ke7 60.Kc4 Kd7 61.Kd5 Rh6 62.Rb2 Kc7 63.Kxe5 Rh4 64.Kf5 Kd6
65.Kg5 Rh8 66.Kxf4 Rg8 67.Ke3 b5 68.Kd4 Rd8 69.Kc3 Kc5 70.Re2 b4+ 71.Kb2 Rd1
72.e5 Rf1  1-0

[Event "Primavara"]
[Site "Bucharest"]
[Date "1998.??.??"]
[Round "9"]
[White "Vajda, Albert"]
[Black "Badea, Bela"]
[Result "0-1"]
[WhiteElo "2400"]
[BlackElo "2545"]

1.d4 g6 2.Nf3 Bg7 3.c4 d6 4.Nc3 Nf6 5.e4 O-O 6.Be2 e5 7.d5 a5 8.h3 Na6 9.Bg5 Qe8
10.g4 Kh8 11.Rg1 Ng8 12.Qc2 f5 13.exf5 gxf5 14.Nh4 Nb4 15.Qd1 Ne7 16.a3 Na6
17.Qc2 e4 18.O-O-O Bd7 19.f3 Nc5 20.fxe4 fxe4 21.Rgf1 Ng6 22.Rxf8+ Nxf8 23.Rf1 Qe5
24.Nf5 Bxf5 25.Rxf5 Qg3 26.Kb1 Qxh3 27.Ka2 a4 28.Nb5 Rc8 29.Bf6 Bxf6 30.Rxf6 Nfd7
31.Rf7 Kg8 32.Rf5 Qb3+ 33.Qxb3 axb3+ 34.Kb1 Ne5 35.Nd4 Rf8 36.Rxf8+ Kxf8
37.Nb5 Ncd3 38.Nd4 Nf4 39.Bd1 e3  0-1

[Event "Budapest Nyar op"]
[Site "Budapest"]
[Date "1998.??.??"]
[Round "3"]
[White "Osmanovic, Faruk"]
[Black "Fleger, Herbert"]
[Result "1-0"]
[WhiteElo "2090"]
[BlackElo "2230"]

1.Nf3 Nf6 2.c4 g6 3.Nc3 Bg7 4.e4 d6 5.d4 O-O 6.Be2 Nbd7 7.O-O e5 8.Be3 c6
9.d5 c5 10.Ne1 Ne8 11.Nd3 f5 12.f3 f4 13.Bd2 g5 14.g4 fxg3 15.hxg3 Qf6 16.Qc1 h6
17.Kg2 Qg6 18.Rh1 Ndf6 19.Nf2 b6 20.Rb1 Rb8 21.a3 Rb7 22.b4 cxb4 23.axb4 Rbf7
24.c5 dxc5 25.bxc5 bxc5 26.Be3 Nd7 27.Na4 Nd6 28.Nxc5 Nxc5 29.Bxc5 g4 30.Rb3 gxf3+
31.Bxf3 Ba6 32.Rh4 Rc8 33.Qa1 Nc4 34.Bh5 Rxf2+ 35.Kxf2 Qg5 36.Qxa6  1-0

[Event "Budapest Nyar-B"]
[Site "Budapest"]
[Date "1998.??.??"]
[Round "3"]
[White "Petran, Pal"]
[Black "Neumann, Peter"]
[Result "1/2-1/2"]
[WhiteElo "2395"]
[BlackElo "2365"]

1.d4 Nf6 2.c4 g6 3.Nc3 Bg7 4.e4 d6 5.Be2 O-O 6.Nf3 e5 7.O-O Na6 8.Be3 Ng4
9.Bg5 Qe8 10.dxe5 dxe5 11.h3 h6 12.Bd2 Nf6 13.Be3 Qe7 14.Nd5 Qd8 15.Nxf6+ Qxf6
16.Qd2 Rd8 17.Qc3 c5 18.a3 b6 19.Nh2 Qe7 20.Rad1 Bb7 21.f3 h5 22.g4 hxg4
23.hxg4 Nc7 24.Rxd8+ Rxd8 25.Rd1 Ne6 26.Rxd8+ Qxd8 27.Qd2 Qxd2 28.Bxd2 Bf6
29.Nf1 Bg5 30.Bxg5 Nxg5 31.Nd2 Kf8 32.Kf2 Ke7 33.Nb1 Ne6 34.Nc3 Nd4 35.Bd3 Bc6
36.Ne2 Nxe2 37.Bxe2 Ba4 38.g5 f6 39.gxf6+ Kxf6 40.Kg3 Kg5 41.Bd3  1/2-1/2

[Event "Budapest Nyar op"]
[Site "Budapest"]
[Date "1998.??.??"]
[Round "4"]
[White "Fordan, Tibor"]
[Black "Samoilov, Ivan V"]
[Result "1/2-1/2"]
[WhiteElo "2245"]
[BlackElo "2065"]

1.d4 Nf6 2.c4 g6 3.Nc3 Bg7 4.e4 d6 5.Nf3 O-O 6.Be2 Nbd7 7.O-O e5 8.dxe5 dxe5
9.h3 c6 10.Be3 Qc7 11.Qc2 Rd8 12.Rfd1 b6 13.Rd2 Bb7 14.Rad1 Nh5 15.g3 Nf8
16.c5 b5 17.Nh2 Nf6 18.Ng4 Ne6 19.Rd6 Nxg4 20.Bxg4 Nd4 21.Bxd4 exd4 22.Rxd8+ Rxd8
23.Ne2 h5 24.Bf3 Bc8 25.Bg2 Be6 26.b3 h4 27.gxh4 Qe7 28.h5 g5 29.Ng3 Qd7
30.Qd2 Bh6 31.h4 Qe7 32.Nf5 Bxf5 33.exf5 Qf6 34.hxg5 Bxg5 35.Qd3 Re8 36.Qxd4 Re1+
37.Bf1 Rxd1 38.Qxd1 Qxf5 39.Qd6 Bh4 40.Qh2 Qxh5 41.Qg2+ Qg5 42.Qxg5+ Bxg5
43.Bg2 Be7 44.b4 a5 45.a3 axb4 46.axb4 Bf6 47.Bxc6 Bc3 48.Bxb5 Bxb4 49.c6 Ba5
50.Kg2 Kf8 51.f4 Ke7  1/2-1/2

[Event "Budapest Nyar-B"]
[Site "Budapest"]
[Date "1998.??.??"]
[Round "6"]
[White "Szeberenyi, Adam"]
[Black "Neumann, Peter"]
[Result "0-1"]
[WhiteElo "2230"]
[BlackElo "2365"]

1.d4 Nf6 2.c4 g6 3.Nc3 Bg7 4.e4 d6 5.Be2 Nbd7 6.Nf3 e5 7.O-O O-O 8.Qc2 c6
9.Rd1 Qe7 10.Rb1 a5 11.b3 Re8 12.d5 Nc5 13.Ne1 Nfxe4 14.Nxe4 Nxe4 15.dxc6 bxc6
16.Bf3 d5 17.cxd5 cxd5 18.Rxd5 Nf6 19.Rd3 e4 20.Re3 Bf5 21.Be2 Nd5 22.Bb2 Nxe3
23.fxe3 Bxb2 24.Qxb2 Red8 25.Bc4 Be6 26.Qe5 Qd6 27.Qxd6 Rxd6 28.Bxe6 fxe6
29.Nc2 Rd2 30.Nd4 Rxa2 31.Nxe6 Rb8 32.Nc5 a4 33.b4 a3 34.Nxe4 Rb2 35.Ra1 a2
36.Nc3 R8xb4  0-1

[Event "Budapest FS06 IM"]
[Site "Budapest"]
[Date "1998.??.??"]
[Round "7"]
[White "Gonzalez Garcia, Jose"]
[Black "Resika, Nathan A"]
[Result "1-0"]
[WhiteElo "2420"]
[BlackElo "2170"]

1.d4 Nf6 2.c4 g6 3.Nc3 Bg7 4.e4 d6 5.Be2 O-O 6.Nf3 e5 7.O-O Na6 8.Bg5 h6
9.Bh4 c6 10.dxe5 dxe5 11.Qxd8 Rxd8 12.Nxe5 Re8 13.f4 Nc5 14.Bf3 g5 15.Bf2 gxf4
16.Bxc5 Rxe5 17.Bd6 Re8 18.Bxf4 Ng4 19.Rad1 Ne5 20.Bh5 Be6 21.b3 Nxc4 22.Na4 Ne5
23.Nc5 Re7 24.Rd6 Rf8 25.h3 b6 26.Nxe6 fxe6 27.Bxe5 Bxe5 28.Rxf8+ Kxf8 29.Rxc6 Bg3
30.Kf1 Kg7 31.Ke2 Kf6 32.Bg4 Ke5 33.Kd3 Rd7+ 34.Kc4 Rd6 35.Rxd6 Kxd6 36.Kb5 e5
37.Ka6 Bf2 38.Kxa7 b5+ 39.Ka6 b4 40.Kb5 Be1 41.Be2 Bd2 42.Bc4 Be1 43.Bg8 Bd2
44.Bh7 Ke6 45.Bf5+ Kf6 46.Ka4 Be1 47.g3 Bd2 48.g4 Be1 49.Kb5 Bd2 50.Ka4 Be1
51.a3 bxa3 52.Kxa3 Ke7 53.Ka4 Kd6 54.Kb5 Bf2 55.b4 Be1 56.Bg6 Bd2 57.Bf7 Be1
58.Bb3 Bd2 59.h4 Be3 60.Ka6 Kc7 61.b5 Kb8 62.b6 Bf2 63.Kb5 Be3 64.Kc6 Bf4
65.Bd5 Be3 66.b7 Bd2 67.Kd6 Bf4 68.Ke6 Kc7 69.Kf5  1-0

[Event "Budapest FS09 IM-B"]
[Site "Budapest"]
[Date "1998.??.??"]
[Round "7"]
[White "Deak, Ferenc"]
[Black "Gara, Anita"]
[Result "0-1"]
[WhiteElo "2220"]
[BlackElo "2290"]

1.d4 Nf6 2.c4 g6 3.Nc3 Bg7 4.e4 d6 5.Nf3 O-O 6.Be2 Nbd7 7.O-O e5 8.Be3 c6
9.Rc1 exd4 10.Bxd4 Re8 11.Qc2 Qe7 12.Rfe1 Nc5 13.b4 Ne6 14.Be3 Ng4 15.Qd2 Nxe3
16.Qxe3 a5 17.b5 Nc5 18.Nd2 Bd7 19.Nb3 Bxc3 20.Rxc3 Nxe4 21.Bd3 Qf6 22.Bxe4 Rxe4
23.Qc1 Rxe1+ 24.Qxe1 a4 25.Rf3 Qe6 26.Re3 Qxc4 27.bxc6 bxc6 28.Nd2 Qxa2 29.Ne4 Rb8
30.Nc3 Qc4 31.Re4 Qd3 32.Re3 Qc2 33.Re2 Qf5 34.h3 Be6 35.g4 Qf6 36.Ne4 Qd4
37.g5 a3 38.Nf6+ Kg7 39.Rxe6 a2  0-1

[Event "Budapest FS07 IM-B"]
[Site "Budapest"]
[Date "1998.??.??"]
[Round "9"]
[White "Toth, Andras"]
[Black "Kahn, Evarth"]
[Result "1-0"]
[WhiteElo "2325"]
[BlackElo "2330"]

1.d4 Nf6 2.Nf3 g6 3.c4 Bg7 4.Nc3 O-O 5.e4 d6 6.Be2 e5 7.O-O exd4 8.Nxd4 Re8
9.f3 Nc6 10.Be3 Nh5 11.Nxc6 bxc6 12.Qd2 f5 13.exf5 Bxc3 14.Qxc3 Qe7 15.Bh6 Bxf5
16.Rae1 Bd7 17.f4 Qf6 18.Qa5 Qd4+ 19.Kh1 Nf6 20.Bf3 Rxe1 21.Rxe1 Re8 22.b3 Rxe1+
23.Qxe1 d5 24.h3 Ne4 25.Kh2 Qc3 26.Qg1 Nd2 27.Be2 d4 28.Qf2 Ne4 29.Qh4 Kf7
30.Bg4 Bf5 31.Bxf5 gxf5 32.Qh5+ Kf6 33.Bg5+ Nxg5 34.Qxg5+ Ke6 35.Qg8+ Kd6
36.Qf8+ Ke6 37.Qe8+ Kf6 38.Qe5+ Kg6 39.Qe6+ Kg7 40.Qd7+ Kg8 41.Qc8+ Kf7 42.Qxc7+ Kg8
43.Qd8+ Kf7 44.Qd7+ Kf6 45.Qxc6+ Ke7 46.Qc7+ Ke8 47.Qe5+ Kd8 48.c5  1-0

[Event "Budapest FS07 IM-B"]
[Site "Budapest"]
[Date "1998.??.??"]
[Round "11"]
[White "Boe, Mads"]
[Black "Kahn, Evarth"]
[Result "1/2-1/2"]
[WhiteElo "2345"]
[BlackElo "2330"]

1.d4 Nf6 2.c4 g6 3.Nc3 Bg7 4.e4 d6 5.Nf3 O-O 6.Be2 e5 7.d5 a5 8.O-O Na6 9.h3 Nc5
10.Qc2 Nh5  1/2-1/2

[Event "Magistral Int"]
[Site "Buenos Aires"]
[Date "1998.??.??"]
[Round "?"]
[White "Garcia Palermo, Carlos"]
[Black "Fiorito, Fabian"]
[Result "1/2-1/2"]
[WhiteElo "2475"]
[BlackElo "2455"]

1.d4 g6 2.c4 Bg7 3.e4 d6 4.Nc3 Nf6 5.Nf3 O-O 6.Be2 e5 7.Be3 c6 8.dxe5 dxe5
9.Nd2 Qe7 10.c5 Rd8 11.O-O Nbd7 12.b4 Nf8 13.b5 Ne6 14.bxc6 bxc6 15.Rc1 Nd4
16.f3 Qxc5 17.Kh1 Qe7 18.Qa4 Be6 19.Bc4 Nd7 20.Bxe6 Qxe6 21.Ncb1 Nb6 22.Qa6 Bf8
23.Nc4 Nxc4 24.Rxc4 c5 25.Qa4 Rab8 26.Nc3 Rd6 27.Nd5 Ra6 28.Qd1 Rxa2 29.Ra4 Rbb2
30.Rxa2 Rxa2 31.Qb1 Ra3 32.Qb8 Qd6 33.Qc8 Qe6 34.Qd8 Qd6  1/2-1/2